Statistics for Arrow-Main Characters

Click here to take the quiz!

General Stats

  • This quiz has been taken 256 times
    (153 since last reset)
  • The average score is 27 of 152

Answer Stats

HintName% Correct
(Earth-1) Vigilante with a sonic screech.(deceased-2016). (Earth-2) Villainess with a sonic screech. (Earth-X) New Reichsmen member with a Sonic Screech (Doomworld) (deceased)DA. Dinah L. 'Laurel' Lance/Black Canary/Black Siren/Siren-X
89%
(Earth-1) Billionaire playboy turned vigilante archer. (Earth-2) Billionaire playboy. (deceased-2008). (Earth-53) Fuhrer of the New Reichsmen (deceased-2017) (Earth-90) (deceased-unknown) (Doomworld) (deceased) (Elseworld) Speedster.Mayor Oliver J. 'Ollie' Queen/Green Arrow/The Hood/Kapushiyon/Black Arrow/The Flash
82%
(Earth-1) Former member of the League of Assassins and current captain of the Waverider. (deceased-2015, later revived-2016) (Doomworld) Thug for that reality's mayor of Star City.Cpt. Sara Lance/The Canary/White Canary
72%
Archer of the 2040's (pre-Flashpoint). Leader of a criminal gang in the 2030'sJonathan 'John' Diggle Jr./J.J./Connor Hawke/Green Arrow/Deathstroke
70%
(Earth-1) Former US Marine (reinstated) and vigilante. (Earth-90) Potential Green Lantern. (Doomworld) (deceased-unknown)MSgt. Jonathan T. 'John' Diggle/Spartan/Freelancer
69%
(Earth-1) Technical Expertise for Team Arrow. (Earth-X) Unnamed Jewish Camp inhabitant (Doomworld) Vigilante with T-Spheres. (deceased-2017)CEO Felicity M. Queen (née Smoak)/Overwatch/Calculator
67%
Maternal half-sister to the original vigilante archer.COS Theodora D. 'Thea' Queen/Theodora D. 'Thea' Merlyn/Speedy
65%
(Earth-1) Forensic investgator turned metahuman speedster. Also the Self-Professed god of speed. (Remnant, deceased-2016), (Savitar, deceased-2017). (Earth-2) Forensic scientist for CCPD. (Earth-X) Speedster for the New Reichsmen (Doomworld) (deceased). (Flashpoint) Former speedster enjoying life with his parents. (Elseworld-1) Vigilante ArcherDet. Bartholomew H. 'Barry' Allen/The Flash/Savitar/Blitzkrieg/Green Arrow
65%
(Earth-1) Wealthy Businessman/former Ra's Al Ghul and current member of the Legion of Doom. (unknown, presumed deceased-2017) (Doomworld) Devoted father and Businessman. (Elseworld-2) CCPD OfficerArthur King/CEO Malcolm Merlyn/Dark Archer
63%
Mercenary with high combat skills and former ASIS soldier.Agt. Slade Wilson/Deathstroke
62%
(Earth-1) Biological father to a vigilante archer, who killed himself. (deceased-2008) (Earth-2) Vigilante ArcherCEO Robert Queen/The Hood/The Arrow
61%
Criminal turned vigilante archer. (deceased-2019, revived-2019)Roy W. Harper Jr./Arsenal/Green Arrow
60%
Mother of two vigilante archers (deceased-2014)CEO Moira Queen
54%
(Earth-1) Police captain and father to the two Canaries. (deceased-2018) (Earth-2) Father of the Siren (deceased-(1998-1999))Mayor Quentin Lance
54%
Detective, formerly for Central City, who has issues with the vigilante archer and his new team.Det. Dinah Drake/Christina 'Tina' Boland/Black Canary
52%
(Earth-1) Son of a wealthy businessman (deceased-2013). (Earth-X) Archer/Swordsman working for the New Reichsmen. (deceased-2017). (Doomworld) Son of a wealthy businessman.Thomas 'Tommy' Merlyn/Prometheus
49%
A mercenary who supposedly killed a skilled soldier under H.I.V.E.'s orders, also a former member of the Suicide Squad (deceased-2015)Floyd Lawton/Deadshot
47%
(Earth-1) Can shrink to near microscopic proportions. (Abberation, deceased-1916). (Doomworld) S.T.A.R. Labs JanitorDr. Raymond C. 'Ray' Palmer/The Atom/Sir Raymond of the Palms
46%
Former leader of A.R.G.U.S. and former commander of the Suicide Squad (deceased-2016)Dir. Amanda Waller/Mockingbird
45%
(Earth-1) Daughter to the head of the League of Assassins and former love interest of a Canary. (Doomworld) Imprisoned somewhere in Ohio.Nyssa Raatko/Nyssa Al Ghul
43%
Leader of the League of Assassins and supposed immortal (deceased-2015)Ra's Al Ghul
42%
(Earth-1) New cocksure vigilante. (Doomworld) (deceased)Mayor Rene Ramirez/Wild Dog
41%
Paternal half-sister of the vigilante archer. (deceased-2019)Emiko Hadachi/Emiko Queen/Green Arrow
39%
New Star City D.A and Archer who wants revenge for his father. (deceased-2017)Simon Morrison/DA. Adrian Chase/Prometheus
39%
Older daughter of the Demon's Head.Talia Al Ghul/The Demon
38%
League of Assassins, Legion of Doom and H.I.V.E member (deceased-2016, revived 1895, deceased-1992)Damien Darhk
36%
Brother to a Marine vigilante, member of Shadowspire and HIVE (deceased-2016)Sgt. Andrew 'Andy' Diggle/The Ghost
36%
(Earth-1) Technological savant, inventor and medal-winning Olympic decathlete. (Doomworld) (deceased)Curtis Holt/Mr. Terrific
34%
Villain with an obsessive crush on a vigilante archer, later joins Suicide SquadCarrianne 'Carrie' Cutter/Cupid
33%
(Earth-1) Historian who can turn his skin to steel. (Abberation, deceased-1916) (Doomworld) Conspiracy TheoristNathaniel 'Nate' Heywood/Steel
33%
(Earth-1) Skilled fighter out for revenge against her mob-boss father. (Earth-90) (deceased-unknown)Helena Bertinelli/The Huntress
32%
(Earth-38) Kryptonian. (Earth-53) Kryptonian working for the New Reichsmen (deceased-2017)Kara Zor-El/Kara Danvers/Supergirl/Kara Queen (née Danvers)/Overgirl
32%
Badass cage fighterMaria 'Mia' Smoak/Blackstar
32%
(Earth-1) Bioengineer and medical officer at S.T.A.R Labs. (Earth-2) Cryokinetic metahuman.(deceased-2016) (Flashpoint) Medical doctor. (Elseworld-2) Subordinate of the fake "Man of Steel"Dr. Caitlin 'Cait' Raymond (née Snow)/Killer Frost
31%
(Earth-1) Technical Expert for S.T.A.R Labs who can view alternate timelines. (Earth-2) Metahuman villain who can view alternate timelines.(deceased-2016) (Earth-X) Freedom Fighter's Breacher (Flashpoint) CEO of Ramon Industries. (Elseworld-2) Crime boss.Francesco 'Cisco' Ramon/Vibe/Reverb
31%
Mother to the two CanariesProf. Dinah Lance
31%
(Earth-1) Star City drug dealer and part of a villainous cabal. (deceased-2019) (Elseworld) CCPD OfficerRicardo Diaz/The Dragon
31%
Daughter of the cocksure vigilante, and vigilante of the 2030'sZoe Ramirez/Black Canary
31%
Former field leader of Suicide Squad, now leader of ARGUS.Dir. Lyla Diggle (née Michaels)/Harbinger
30%
(Earth-1) 22nd Century Speedster (deceased-2015, Abberation, deceased-1916, defected to Earth-X-unknown) (Doomworld) Head of S.T.A.R Labs.Eobard Thawne/Dr. Harrison Wells/Reverse-Flash
27%
Dealer of the drug called Vertigo (deceased-2013)Cecil Adams/The Count/Count Vertigo
25%
Chinese Triad Leader seeking revenge.Chien Na Wei/China White
25%
A savvy politician in league with a former ASIS operative (deceased-2014)Mayor Sebastian Blood/Brother Blood
25%
Member of the Suicide Squad. (deceased-2014, revived post-Flashpoint)Benjamin 'Ben' Turner/Bronze Tiger
23%
Gotham City VigilanteKatherine 'Kate' Kane/Batwoman
23%
Drug lord who seeks to kill a vigilante archer to raise his profile, but is stopped by the CanariesWerner Zylte/Vertigo
23%
A mentor to a vigilante archer during their time in Hong KongTatsu Yamashiro/Katana
21%
Takes up the mantle of the second Canary after their death. Later sides with an evil archer. (presumed deceased-2017)Evelyn C. Sharp/Artemis
20%
(Earth-1) Reincarnated Khufu (deceased-(post-1831), 1925, 1975 and more, later reincarnated multiple times) (Earth-90) (deceased-unknown)Carter Hall/Hannibal Hawkes/Joseph 'Joe' Boardman/Scythian Torvil/Hawkman
19%
Former head of the Helix hacking foundation and leader of a villainous cabal. (deceased-2018)Cayden James
19%
(Earth-1) Vigilante with a penchant for guns, now a part of a villainous cabal. (deceased-2018) (Doomworld) (deceased)Det. Vincent 'Vinny' Sobel/Vigilante
18%
Arkham City Doctor. (Elseworld-2) The fake Man of SteelDr. Jonathan 'John' Deegan/Superman
18%
(Earth-1) Reincarnated Chay-Ara. (deceased-1925 and more, reincarnated multiple times) (Earth-90) (deceased-unknown)Edith Boardman/Kendra Saunders/Hawkgirl
18%
Former lover of a retired marine and widow of his brother.Caroline 'Carly' Diggle
17%
Corrupt businessman blackmailed by the Undertaking. (deceased-2012)CEO Adam Hunt
17%
Uses abilities of animalsMarianne 'Mari' McCabe/Vixen
17%
Cyber-criminal and father of Team Arrow's tech supportNoah Kuttler/Calculator
17%
(Earth-1) Sole survivor of Havenrock. (Doomworld) (deceased)Rory Regan/Ragman
17%
Former ASIS operative with a penchant for trick boomerangs. (presumed deceased-2017)Agt. Digger Harkness/Cpt. Boomerang
16%
Mother of Team Arrow's tech support.Donna Smoak
15%
Character who tells the inhabitants of Lian Yu about Mirakuru (deceased-2009)Dr. Anthony Ivo
15%
Future vigilante and son of an ex-Task Force X memberDylan Turner/Connor Hawke
15%
A former boxer who now runs a gym for underprivileged youthTheodore 'Ted' Grant/Wildcat
15%
Misogynistic serial killer and enemy of the Canaries' father (deceased-2013)Barton Mathis/Dollmaker
14%
A wayward youth who a Canary takes under her wing in Starling City after her father is killed on the islandCynthia 'Cindy' Simone/Sin
14%
"Immortal" Tyrant (deceased-1958, 1975, 2021)Hath-Set/Vandal Savage/Dr. Curtis Knox/Sasha Mahnovski
14%
Former mistress of the Queen family patriarch also in league with a former ASIS operative (deceased-2014)Isabel Rochev/Ravager
14%
Former lover of a Star City playboy and mother of his son. (deceased-2017)Samantha Clayton
14%
A gang leader in Starling City who organizes the takeover of the Glades in the vigilante archer's absence and member of HIVE. (deceased-2018)Daniel 'Danny' Brickwell/Brick
13%
Former conman and reluctant supernatural detectiveJonathan 'John' Constantine
13%
Vigilante archer's handler during his time in Hong Kong. Ex-husband to a Swordswoman and former member of the League of Assassins (deceased-2015)Maseo Yamashiro/Sarab
12%
(Earth-1) Oldest son of a former ASIS operative and leader of The Jackals. (Elseworld) CCPD OfficerAgt. Joseph 'Joe' Wilson/Kane Wolfman
11%
Former leader of the Royal Flush Gang. (deceased-2012)Derek Reston/King
11%
AI System of the Time-Ship WaveriderGIDEON
11%
Mysterious alien with seemingly infinite powerMar Novu/The Monitor
11%
Vice Cop that dated the playboy.McKenna Hall
11%
Freelance criminal who becomes a terrorist after having his face disfigured by a female vigilante archer.Lonnie Machin/Anarky
10%
Former gang leader trying to unify Star City's gangs under his rule. (deceased-2016)Tobias Church/Charon
10%
Member of the Helix hacking foundationAlena Whitlock/Kojo Sledgehammer
9%
Star City mayor's bodyguard and master of disguiseChristopher Chance/Human Target
8%
Mercenary on the island secretly working for ARGUS. (deceased-2008)Edward Fyers
8%
Mob boss and father to a vigilante with a crossbow. (deceased-2012)Francis 'Frank' Bertinelli
8%
High Tech thiefWilliam Tockman/Clock King
8%
Former boss of the second Canary and former Assistant DAAsst DA. Adam Donner
7%
League of Assassins member obsessed with the legacy of a former Ra's Al GhulAthena
6%
Former Star City Attorney (deceased-2014)DA. Katherine' Kate' Spencer
6%
Former Chinese General who assists a playboy on Lian Yu. (deceased-2008)Gen. Yao Fei Gulong
6%
A man whose mouth is sewn shut trying to get revenge on SCPD for sending him to Iron Heights on a false confession.Michael C. Amar/Murmur
6%
Former husband to an Olympic DecathletePaul Holt
6%
Playboy's archery trainer on the island (deceased-2008)Shado Gulong
6%
Former partner to an ASIS operative who betrayed him for Shadowspire (deceased-2008)Agt. William 'Billy' Wintergreen
5%
Former leader of Shadowspire searching for artifacts on the island. (deceased-2011)Baron Reiter
5%
The first to survive injection with Mirakuru in the present day. (deceased-2013)Cyrus Gold/The Acolyte
5%
Terrorist financier and incredibly dangerous hand-to-hand combatant. (deceased-2019)Dante
5%
Ex-Suicide Squad member (deceased-2014)Marcus 'Mark' Scheffer/Shrapnel
5%
Longbow Hunter with deadly accuracy.Red Dart
5%
Former President of Queen CON.Walter Steele
5%
Narcissistic criminal genius and rival to Team Arrow's tech supportBrie Larvan/Bug-Eyed Bandit
4%
Former firefighter hunting down his old team. (deceased-2013)Garfield Lynns/The Firefly
4%
Longbow Hunter who likes the quiet.Honor Guest/The Silencer
4%
Member of the Russian government who has met the playboy. (deceased-2012)Konstantin Kovar
4%
Son of one of Chay-Ara and Khufu's reincarnations (deceased-1975)Prof. Aldus Boardman
4%
Wife of the founder of H.I.V.E. who campaigned against the playboy for Mayor of Star City. (deceased-2016)Ruvé Darhk (née Adams)
4%
Psychotic murderer and former Slabside Prison inmate.Stanley Dover/The Star City Slayer
4%
Member of Bratva killed by a former ASIS operative. (deceased-2014)Alexi Leonov
3%
Last member of the Bratva kidnapped by a mad scientist who once helped a playboy. Now a part of a villainous cabal.Anatoli Knyazev
3%
Ally of the villainess with the sonic screechAviva Metula/Shadow Thief
3%
Dealer of a drug called Stardust. (deceased-2018)Derek Sampson
3%
New Detective at SCPD (deceased-2016)Det. William 'Billy' Malone
3%
U.S officer who frames a former Marine for his nuclear arms dealing.Gen. J.G Walker
3%
US Army officer who tries to cripple China using a virus. (deceased-2010)Gen. Matthew Shrieve
3%
The Queen family matriarch's defense lawerJeanette 'Jean' Loring
3%
Metahuman who can turn his playing card tattoos into weaponsJeremy Turner/Double Down
3%
Friend and co-worker of the second Canary at CNRIJoanna De La Vega
3%
Assassin hired to kill the second Canary (deceased-2013)Mr. Blank
3%
Mercenary archer suspected of killing the first Canary.Simon Lacroix/Komodo
3%
Former military CO of the retired Marine. (deceased-2013)Theodore 'Ted' Gaynor
3%
Part of the playboy's Mayoral campaign staff, later revealed to be controlled by H.I.V.E.'s founder (deceased-2016)Alexander 'Alex' Davis
2%
Former Shadowspire member killed by vigilante archer when alone (deceased-2008)Conklin
2%
Ex-boyfriend of Team Arrow's tech support from MIT and hacker for HIVE. (deceased-2016)Cooper Seldon
2%
Partner to the Canaries' father during his time as an SCPD Detective (deceased-2013)Det. Lucas Hilton
2%
DJ, love interest of the female vigilante archer and spy for the League of Assassins (deceased-2015)DJ Chase
2%
The former Pakhan(Godfather) of Bratva (deceased-2012)Ishmael Gregor
2%
Opal City metahuman who can harness and weaponize plasma energy. (deceased-2014)Jacob 'Jake' Simmons/Deathbolt
2%
Psych ward patient on an anti-vigilante crusadeKevin Meltzer/Chimera
2%
Longbow Hunter with a bladed shield.Kodiak
2%
Identical sister of an archery trainerMei Gulong
2%
Right hand of the mob boss. (deceased-2012)Nicholas 'Nick' Salvati
2%
Assassin who attempted to kill Star City's mayor, unaware it was in fact, his bodyguard, in disguiseScimitar
2%
Target of a rescue mission by Suicide Squad.... for a staged hostage event.Sen. Joseph Cray
2%
Coast City reporterSusan Williams
2%
Argus Operative in Corto MalteseAgt. Marcus 'Mark' Shaw
1%
FBI Official investigating Star City's mayor.Agt. Samandra Watson
1%
(Earth-1) Anti-vigilante alcoholic (Earth-2) Drunk driver (deceased-2014)Brett Collins
1%
Leader of the Eden Corps, and CEO of it's facade company Galaxy One.CEO Keven Dale
1%
Associate of the head of Queen CON.CFO Marcus 'Mark' Francis
1%
Incredibly intelligent and creative tech entrepreneurDaniel Porter
1%
Queen Family bodyguard (deceased-2007)David 'Dave' Hackett
1%
Sadistic doctor at Slabside Prison. (deceased-2018)Dr. Jarrett Parker
1%
Immortal Shaman who a vigilante archer consults about the H.I.V.E. founder's powersEsrin Fortuna
1%
4 Star US General and step father of the reinstated US MarineGen. Roy Stewart
1%
Friend of the Queen family and mayoral candidate for Star CityJessica Danforth
1%
Glades-based arsonist.Jonathan 'John' Cortez
1%
Mother of the female "Emerald Archer" (deceased-unknown)Koizumi Hadachi
1%
Anti-Vigilante mayorMayor Emily Pollard
1%
Rookie SCPD Officer who hates vigilantesOfc. Jessica 'Jessie' Bowden
1%
Former member of the League of Assassins, who joined in 1743.Onyx Adams
1%
Princess relying on a terrorist financier to bankroll her "Revolution" (deceased-2019)Princess Noor Harjavti of Qurac
1%
Son of a former Queen family bodyguard.Samuel 'Sam' Hackett
1%
Rogue member of the Anti Vigilante TaskforceSgt. Elizabeth 'Liza' Warner
1%
Rescued by a stranded playboy from her brother, later killed by him after being nearly corrupted by magic. (deceased-2011)Taiana Venediktov
1%
Member of the Ninth Circle.Virgil
1%

Score Distribution

Percentile by Number Answered

Percent of People with Each Score

Your Score History

You have not taken this quiz since the last reset